LIBRARY & INFORMATION CENTRE, KCAET, TAVANUR

ONLINE PUBLIC ACCESS CATALOGUE (OPAC)

Clogging susceptibility study of drip emitters (Record no. 15266)

MARC details
000 -LEADER
fixed length control field 00718nam a22002177a 4500
003 - CONTROL NUMBER IDENTIFIER
control field OSt
088 ## - REPORT NUMBER
Report number P 20
100 ## - MAIN ENTRY--AUTHOR NAME
Personal name BIJU A. GEORGE
245 ## - TITLE STATEMENT
Title Clogging susceptibility study of drip emitters
260 ## - PUBLICATION, DISTRIBUTION, ETC. (IMPRINT)
Place of publication Tavanur 1993
Name of publisher Department of Irrigation University and Drainage Engineering
300 ## - PHYSICAL DESCRIPTION
Number of Pages 86
500 ## - GENERAL NOTE
General note Clogging susceptibility study of drip emitters
520 ## - SUMMARY, ETC.
Summary, etc Clogging susceptibility study of drip emitters
700 ## - ADDED ENTRY--PERSONAL NAME
Personal name E. B. Gilsha Bai
700 ## - ADDED ENTRY--PERSONAL NAME
Personal name S. Rini Rani
700 ## - ADDED ENTRY--PERSONAL NAME
Personal name Roy Tharakan
700 ## - ADDED ENTRY--PERSONAL NAME
Personal name Er. E. K Kurien (Guide)
856 ## - ELECTRONIC LOCATION AND ACCESS
Uniform Resource Identifier https://drive.google.com/open?id=18azt_HbcGmqDXMPDD1g9HXRdX24S_QVG
942 ## - ADDED ENTRY ELEMENTS (KOHA)
Koha item type Project Report
Holdings
Collection code Home library Current library Shelving location Full call number Accession Number Koha item type
Reference KAUAET KAUAET Reference 631.587 BIJ/CL P 20 Project Report
free website counter